| Tag |
First Indicator |
Second Indicator |
Subfields |
| LEADER |
00000cam a2200000 4500 |
| 001 |
in00000027139 |
| 005 |
20151007055913.0 |
| 008 |
720815s19639999nyua 00010 eng d |
| 010 |
|
|
|a 63008291
|
| 035 |
|
|
|a (OCoLC)00382787
|
| 035 |
|
|
|9 AAB9612AM
|
| 040 |
|
|
|a RGC
|c RGC
|d OCL
|d TXA
|d UtOrBLW
|
| 049 |
|
|
|a TXAM
|c [A11646183]
|
| 050 |
|
4 |
|a BV4495
|b .W96 1963
|
| 100 |
1 |
|
|a Wyon, Olive,
|d 1890-
|
| 245 |
1 |
0 |
|a Teachings toward Christian perfection :
|b introducing three spiritual classics /
|c [by] Olive Wyon.
|
| 264 |
|
1 |
|a [New York] :
|b Women's Division of Christian Service, Board of Missions, Methodist Church,
|c [1963]
|
| 264 |
|
4 |
|c ©1963
|
| 300 |
|
|
|a viii, 200 pages, 3 unnumbered leaves of plates :
|b illustrations ;
|c 19 cm.
|
| 336 |
|
|
|a text
|b txt
|2 rdacontent
|
| 337 |
|
|
|a unmediated
|b n
|2 rdamedia
|
| 338 |
|
|
|a volume
|b nc
|2 rdacarrier
|
| 504 |
|
|
|a Bibliography: pages 181-189.
|
| 505 |
0 |
|
|a Christian perfection, by F. Feńelon.--Christian perfection, by J. Wesley.--The spiritual life, by E. Underhill.
|
| 650 |
|
0 |
|a Spiritual life.
|
| 999 |
|
|
|a MARS
|
| 999 |
f |
f |
|s 1010fbe8-4106-3dc4-908a-b4b4dbe910ad
|i f48c69f6-9e38-3847-929a-08ca934cbd6d
|t 0
|
| 952 |
f |
f |
|p ric
|a Texas A&M University
|b Rellis Campus
|c Joint Library Facility
|d Remote Storage
|t 0
|e BV4495 .W96 1963
|h Library of Congress classification
|i unmediated -- volume
|m A14811646183
|
| 998 |
f |
f |
|a BV4495 .W96 1963
|t 0
|l Remote Storage
|